| 000 | 01024nam a2200313 4500 | ||
|---|---|---|---|
| 999 |
_c9421 _d9421 |
||
| 001 | 46512 | ||
| 003 | OSt | ||
| 005 | 20210113163740.0 | ||
| 008 | 691204s1969 nju |000 0 eng | ||
| 010 | _a70085305 | ||
| 020 | _c3.50 | ||
| 035 | 0 | 1 | _a57299 |
| 040 |
_aDLC _beng _erda _cDLC _dMAL |
||
| 050 | 0 |
_aBJ1491 _b.B3 |
|
| 082 | _a171.4 | ||
| 092 |
_a170 _bB22 |
||
| 100 | 1 |
_aBanowsky, William Slater. _0http://id.loc.gov/authorities/names/n82024891 |
|
| 245 | 1 | 0 |
_aIt's a playboy world / _cWilliam S. Banowsky. |
| 264 | 1 |
_aOld Tappan, N.J. : _bF. H. Revell Co., _c[1969] |
|
| 264 | 4 | _c[©1969] | |
| 300 |
_a126 pages ; _c22 cm |
||
| 336 |
_atext _btxt _2rdacontent |
||
| 337 |
_aunmediated _bn _2rdamedia |
||
| 338 |
_avolume _bnc _2rdacarrier |
||
| 650 | 0 |
_aHedonism. _0http://id.loc.gov/authorities/subjects/sh85059918 |
|
| 650 | 0 |
_aSexual ethics. _0http://id.loc.gov/authorities/subjects/sh85120731 |
|
| 651 | 0 |
_aUnited States _xMoral conditions. _0http://id.loc.gov/authorities/subjects/sh85140383 |
|
| 942 |
_2ddc _cBK |
||